000 00384pam a2200157a 44500
008 230515b2001 xxu||||| |||| 00| 0 eng d
020 _aNULL
041 _aENGL
082 _a423/ CBS.
100 _aCBS
245 _aTHE NEW INTERNATIONAL WEBSTER?S POCKET COMPUTER DICTIONARY ( COMPUTER)
250 _aN.D.
260 _aNULL
_bC.B.S
_c2001
300 _a316 HB
650 _aNULL
999 _c632885
_d632885